Human factors in the built environment

Պահպանված է:
Մատենագիտական մանրամասներ
Հիմնական հեղինակ: NUSSBAUMER, Linda L.
Ձևաչափ: Գիրք
Լեզու:անգլերեն
Հրապարակվել է: Bloomsbury 2018
Ցուցիչներ: Ավելացրեք ցուցիչ
Չկան պիտակներ, Եղեք առաջինը, ով նշում է այս գրառումը!

MARC

LEADER 00000nam a22000007a 4500
008 230926b |||||||| |||| 00| 0 eng d
020 |a 9781501320385 
100 |a NUSSBAUMER, Linda L. 
245 |a Human factors in the built environment  |c /Linda L. Nussbaumer  |g xvi,382p;ill 
250 |b 2nd 
260 |b Bloomsbury  |c 2018  |h New York  |i 700622  |i 700623  |l NA2542.4.N94  |m Architecture - Human factors  |m Interior decoration -Human factors  |m Interior architecture   |m Design - Human factors  |m Human engineering 
500 |a it includes references 
942 |a lcc  |c BK  |e Johnson  |f 26/09/23 
952 |0 0  |1 0  |2 lcc  |4 0  |6 NA25424 N94  |7 0  |9 4502  |a EDM  |b HOL  |c LP  |d 2023-09-26  |l 0  |o NA2542.4.N94  |p 2023-0423  |r 2023-09-26 00:00:00  |t 700622  |w 2023-09-26  |y BK 
952 |0 0  |1 0  |2 lcc  |4 0  |6 NA25424 N94  |7 0  |9 4503  |a HOL  |b HOL  |c LP  |d 2023-09-26  |l 0  |o NA2542.4.N94  |p 2023-0424  |r 2023-09-26 00:00:00  |t 700623  |w 2023-09-26  |y BK 
999 |c 2253  |d 2253